| 000 | 01018nam a22003137a 4500 | ||
|---|---|---|---|
| 003 | CHAP | ||
| 005 | 20220329141727.0 | ||
| 008 | 971013s1977 r 00010 d | ||
| 010 | _a72884 | ||
| 011 | _a73856 | ||
| 035 | _a83414 | ||
| 040 | _cCHAP | ||
| 090 | _aTesis | ||
| 100 | 0 | 0 |
_aCano Reséndiz, José Carlos. _918425 |
| 245 | _aEvaluación de la ganadería caballar de 1930 a 1970 | ||
| 260 |
_aMéxico, D. F. : _bEl autor, _c1977 |
||
| 300 |
_a38 h. _b: gráfs. |
||
| 502 | _aTesis (Médico Veterinario Zootecnista) -- UNAM. Fac. de Medicina Veterinaria y Zootecnia | ||
| 590 |
_aALEPH _b10 _c20130110 _lUCH01 _h1414 |
||
| 590 |
_aBATCH-UPD _b10 _c20130110 _lUCH01 _h0745 |
||
| 590 |
_aBATCH-UPD _b10 _c20130410 _lUCH01 _h0426 |
||
| 590 |
_aBATCH-UPD _b10 _c20130914 _lUCH01 _h0833 |
||
| 590 |
_aCONVERSION _b10 _c20130109 _lUCH01 _h1340 |
||
| 650 | 1 | 4 |
_aGanadería _xHistoria _xMéxico. _944748 |
| 650 | 1 | 4 |
_aGanado caballar. _944967 |
| 901 | _aBK | ||
| 942 | _cTESIS | ||
| 949 |
_bBC _cTES _d-37976 _eTS1 _i83414 _si |
||
| 999 |
_c72884 _d72884 |
||